10 najbardziej niemieckich stanów USA - Statystyki

Ogólne statystyki
  • Ten quiz został rozwiązany 70 razy
  • Średni wynik to 6 z 10
Statystyki odpowiedzi
% Stan % Poprawnych
23,2 Montana
71%
35,6 Dakota Północna
69%
34,1 Dakota Południowa
69%
23,3 Kansas
64%
22,5 Ohio
57%
31,3 Iowa
52%
29,5 Minnesota
50%
31,7 Nebraska
50%
36,1 Wisconsin
48%
21,9 Missouri
34%
Nie znaleziono quizów pasujących do podanych kryteriów
Rozkład punktacji
Procent ludzi z każdym wynikiem
Percentyl według liczby udzielonych odpowiedzi
Twoja historia wyników
Nie rozwiązałeś tego quizu